000 01123nam a22003377a 4500
003 CHAP
005 20220329143751.0
008 110729s1999 us a r 00010 eng d
010 _a101646
011 _a102618
020 _a0792354680
035 _a113307
040 _cCHAP
082 0 4 _a634.95
_bP69
245 0 0 _aPlanted forests :
_bcontributions to the quest for sustainable societes
_c/editadopor James Reid Boyle ... [et al.]
260 _aBoston :
_bKluwer Academic,
_c1999
300 _a472 p. :
_bilus., gráfs. tablas
490 _aForestry sciences
_v; 56
590 _aBATCH-UPD
_b10
_c20130110
_lUCH01
_h1923
590 _aBATCH-UPD
_b10
_c20130410
_lUCH01
_h1249
590 _aBATCH-UPD
_b10
_c20130914
_lUCH01
_h0748
590 _aCONVERSION
_b10
_c20130109
_lUCH01
_h1356
650 1 4 _aPlantación forestal.
_988784
650 1 4 _aSilvicultura.
_9106109
650 1 4 _aSilvicultura
_xCongresos.
_9106113
700 1 _aBoyle, James Reid.
_914896
830 0 _aForestry sciences
_v; 56
_942379
901 _aBK
942 _cLIBRO
949 _a634.95 P69
_bBC
_cLIBRO
_d33724002246991
_eLIBRO
_h115405
_i113307
_sb
999 _c101646
_d101646